Súčasný prístup ku konsolidovanej účtovnej závierke v Slovenskej republike a v Českej republike

Právna úprava konsolidovanej účtovnej závierke v Slovenskej republike a v Českej republike ako členských štátov Európskej únie. Súčasný prístup ku konsolidovanej účtovnej závierke v Slovenskej republike a Českej republike.

Uložené v:
Podrobná bibliografia
Hlavný autor: Hornická, Renáta, 1977-
Ďalší autori: Vašek, Libor
Médium: Kapitola
Jazyk:Slovak
Predmet:
Tagy: Pridať tag
Žiadne tagy, Buďte prvý, kto otaguje tento záznam!

MARC

LEADER 00000nla a2200000 4500
001 0243764
005 20240502073941.5
041 0 |a slo 
044 |a SK 
245 1 0 |a Súčasný prístup ku konsolidovanej účtovnej závierke v Slovenskej republike a v Českej republike  |c Renáta Hornická, Libor Vašek 
520 |a Právna úprava konsolidovanej účtovnej závierke v Slovenskej republike a v Českej republike ako členských štátov Európskej únie. Súčasný prístup ku konsolidovanej účtovnej závierke v Slovenskej republike a Českej republike. 
610 2 0 |a závierka účtovná konsolidovaná 
610 2 0 |a Slovensko 
610 2 0 |a Česko 
610 2 0 |a smernice 
610 2 0 |a Európska únia 
610 2 0 |a porovnanie medzinárodné 
100 1 |a Hornická, Renáta, 1977- 
700 1 |a Vašek, Libor